000 00382nam a2200157Ia 4500
008 230917s9999||||xx |||||||||||||| ||und||
040 _e70681
_aMAIN
041 _aEnglish
082 _a332.6 C468I
100 _aChristy, George A
245 0 _aIntroduction to investments
250 _a7th ed.
260 _aNew York
_bMcGraw-Hill
_c1978
300 _aix, 742 p.
942 _cBK
999 _c211088
_d211088